Pozycja Corporate Name
Liczba rekordów, w których użyto hasła: 1
001 - Numer kontrolny
- control field: 40140
003 - Identyfikator numeru kontrolnego
- control field: NUKAT
005 - Data i czas ostatniej modyfikacji
- control field: 20260416105909.0
008 - Dane kontrolne kodowane (40 znaków)
- fixed length control field: 190514n||a|znnaabn |a ana |c
010 ## - Numer kontrolny Biblioteki Kongresu
- numer kontrolny LC: n 2019046297
024 7# - OTHER STANDARD IDENTIFIER
- Standard number or code: 4429151778219418130002
- Source of number or code: viaf
040 ## - Instytucja sporządzająca rekord
- inst. przygot. dane do rek. khw: WA 303/AC
- język haseł przedmiotowych/tezaurus: kaba
- inst. wprow. rek. khw: WA 303/AC
- inst. modyf. rek. khw: WA U/EBAs
043 ## - Kod obszaru geograficznego
- ISO code: PL
046 ## - Special dates
- Establishment date: 1956
- Termination date: 1990
099 ## - Sygnatura lokalna
- sygnatura: ky_166561
110 1# - Hasło - nazwa ciała zbiorowego
- nazwa ciała zbior. lub geogr. na pocz.: Polska.
- nazwa jednostki podrzędnej: Ministerstwo Spraw Wewnętrznych (1954-1996).
- nazwa jednostki podrzędnej: Departament I.
368 ## - Other Attributes
- Corp type: Służby wywiadowcze.
370 ## - Associated place
- Country: Polska.
370 ## - Associated place
- Residence/HQ: Warszawa (Polska).
377 ## - Assoc lang
- Lang code: pol
410 2# - Trop zob. - nazwa ciała zbiorowego
- nazwa ciała zbior. lub geogr. na pocz.: Ministerstwo Spraw Wewnętrznych (1954-1996).
- nazwa jednostki podrzędnej: Departament I.
410 2# - Trop zob. - nazwa ciała zbiorowego
- nazwa ciała zbior. lub geogr. na pocz.: MSW.
- nazwa jednostki podrzędnej: Departament I.
410 2# - Trop zob. - nazwa ciała zbiorowego
- nazwa ciała zbior. lub geogr. na pocz.: Ministerstwo Spraw Wewnętrznych.
- nazwa jednostki podrzędnej: Departament I.
410 2# - Trop zob. - nazwa ciała zbiorowego
- nazwa ciała zbior. lub geogr. na pocz.: Departament I Ministerstwa Spraw Wewnętrznych.
665 ## - Nota historyczna
- nota historyczna: Departament wywiadowczy MSW utworzony w 1956, rozwiązany w 1990.
670 ## - Źródło informacji
- źródło informacji: Kp. Polska emigracja polityczna / Ministerstwo Spraw Wewnętrznych, Departament I. - Warszawa, 1962.
670 ## - Źródło informacji
- źródło informacji: pl.wikipedia, 14.05.2019
- adres internetowy: https://pl.wikipedia.org/wiki/Departament_I_MSW
670 ## - Źródło informacji
- źródło informacji: Wyniki pracy wywiadu naukowo-technicznego MSW PRL 1971-1989 / opracował i wstępem poprzedził Mirosław Sikora. - Katowice ; Warszawa, 2019.
675 ## - Źródło nie podające informacji
- wskazanie źródła: BNPol online